| 000 | 00792nam a2200229 i 4500 | ||
|---|---|---|---|
| 001 | 91100 | ||
| 003 | ES-MaACL | ||
| 005 | 20250815082228.0 | ||
| 007 | t| | ||
| 008 | 050127s1957 sp |||| | spa d | ||
| 100 | 1 |
_aLerner, Abba Ptachya. _971781 |
|
| 245 | 1 | 0 |
_aEconomía del pleno empleo / _cAbba P. Lerner ; traducción del inglés por F. Albert Ferriol y J.L. Barinaga Blanco. |
| 260 |
_aMadrid : _bAguilar, _c1957 ( _fBenzal) |
||
| 300 |
_aXX, 346 p. : _bil. ; _c22 cm. |
||
| 490 | 1 | _aBiblioteca de ciencias sociales | |
| 650 | 4 |
_aPleno empleo. _9165274 |
|
| 700 | 1 |
_aAlbert Ferriol, F. _919323 |
|
| 700 | 1 |
_aBarinaga Blanco, José Luis. _925652 |
|
| 830 | 0 | 0 |
_aBiblioteca de ciencias sociales (Aguilar) _9220462 |
| 852 |
_aES-MaACL _jC-13800 |
||
| 999 |
_c91100 _d91100 |
||